| 000 | 00477nam a22001937a 4500 | ||
|---|---|---|---|
| 003 | OSt | ||
| 005 | 20260221135321.0 | ||
| 008 | 260221b |||||||| |||| 00| 0 eng d | ||
| 040 | _cSBC | ||
| 082 |
_a282.092 _bKAT-S |
||
| 100 | _aKattoor, Jacob | ||
| 245 |
_aThe Shining Star of the Orient _bBiography |
||
| 260 |
_aKottayam _bAlois Graphics _c2005 |
||
| 300 | _a110p. | ||
| 630 | _xChristian | ||
| 650 | _aReligion | ||
| 650 | _aChristian denominations | ||
| 942 | _cBOOK | ||
| 999 |
_c137780 _d137780 |
||